| 000 | 00556nam a22001937a 4500 | ||
|---|---|---|---|
| 003 | BUBTL | ||
| 008 | 171123b xxu||||| |||| 00| 0 eng d | ||
| 020 | _a0-8031-0969-5 | ||
| 082 | _a624.1'51JOG | ||
| 100 |
_91543 _aJohnson,A.I. |
||
| 245 | _aGeotechnical Applications of Remote Sensing And Transmission : | ||
| 260 |
_aPhiladelphia : _bASTM Publication, _cc1988. |
||
| 300 |
_a277 p. : _bill. ; _c23 cm. |
||
| 650 | 0 |
_9239 _aEEE |
|
| 700 |
_91542 _aPettersson,C.B. |
||
| 856 |
_k0 _l0 _yDownload |
||
| 942 |
_2ddc _cBK |
||
| 999 |
_c5562 _d5562 |
||